000 00452nam a22001697a 4500
003 OSt
005 20260525151327.0
008 260525b |||||||| |||| 00| 0 eng d
020 _a978-93-56819-84-9
040 _cSBCL
082 _a371.26
_bJAI-C
100 _aJin, Priya
245 _aCLAT and AILET
_b10 Mock Tests
260 _aNew Delhi
_bCareer Launcher Infrastructure
_c2026
630 _xSocial sciences
_xEducation
_xEducation
942 _cBOOK
999 _c138218
_d138218